Dazed & Confused - Ruel (All Lyrics) - Statistics

General Stats
  • This quiz has been taken 154 times
  • The average score is 233 of 306
Answer Stats
Dazed & Confused % Correct
a
100%
I
98%
Verse 1 You
98%
you
98%
and
95%
And
95%
be
95%
confused
95%
dazed
95%
Post-Chorus Dazed
95%
it
93%
me
93%
my
93%
the
93%
day
91%
do
91%
From
91%
head
91%
I've
89%
lost
89%
again
88%
in
88%
met
88%
I'm
86%
like
86%
mind
86%
swinging
84%
to
84%
been
82%
Chorus Oh
82%
tomorrow
82%
came
79%
feeling
79%
losing
79%
something
79%
Something
79%
bout'
77%
got
77%
straight
77%
I'll
75%
That's
74%
that's
74%
your
74%
Apollo
72%
hyperventilate
70%
I'd
68%
Knees
68%
No
67%
wobble
67%
ain't
65%
begin
65%
eyes
65%
eyes?
65%
even
63%
if
63%
light
61%
seein'
61%
can't
58%
couldn't
56%
hit
56%
line
56%
Or
56%
seen
56%
stop
56%
Yeah
56%
Just
54%
just
54%
throttle
54%
trouble
54%
break
53%
There's
53%
wanted
53%
Either
51%
know
51%
sweat
51%
you're
51%
You're
51%
cut
49%
what
49%
What
49%
walk
47%
makes
46%
this
46%
Under
44%
brakes
42%
don't
42%
real
42%
doing
40%
influence
40%
life
39%
then
39%
is
37%
silhouette
37%
bet
35%
not
35%
type
35%
up
35%
used
35%
First
33%
open
33%
here
32%
Will
32%
build
30%
get
30%
right
30%
right?
30%
ruins
30%
happens
28%
Leave
28%
ever
26%
touch
26%
with
19%
No matching quizzes found
Score Distribution
Percent of People with Each Score
Percentile by Number Answered
Your Score History
You have not taken this quiz